[Event "GER-ch U12"]
[Site "Willingen"]
[Date "2024.05.24"]
[Round "8"]
[White "Prashanthakumar, Arnesh"]
[Black "Kaza, Charith"]
[Result "0-1"]
[WhiteElo "1634"]
[BlackElo "1503"]
[PlyCount "65"]
[EventDate "2024.05.19"]
[EventType "swiss"]
[EventRounds "9"]
[EventCountry "GER"]
[SourceTitle "CBM 220 Extra"]
[Source "ChessBase"]
[SourceDate "2024.07.31"]
[SourceVersion "1"]
[SourceVersionDate "2024.07.31"]
[SourceQuality "1"]

1. e4 c5 2. Nf3 Nc6 3. d4 cxd4 4. Nxd4 g6 5. Nc3 Bg7 6. Be3 Nf6 7. f3 Qa5 8. Qd2 0-0 9. Nb3 Qd8 10. 0-0-0 d6 11. Bh6 Be6 12. h4 Bxb3 13. axb3 Qa5 14. Kb1 Bxh6 15. Qxh6 Qh5 16. Qe3 Qc5 17. Qd2 Kg7 18. g4 h5 19. gxh5 Nxh5 20. Be2 Ng3 21. Rhg1 Nxe2 22. Qxe2 Rh8 23. Rg4 Rh5 24. Rd5 Rxd5 25. exd5 Ne5 26. Rg2 Rh8 27. f4 Rxh4 28. Qd2 Rh1+ 29. Nd1 Nf3 30. Qe2 Qxd5 31. Kc1 Nd4 32. Qd2 Qc5 33. b4 0-1

[Event "GER-ch U12"]
[Site "Willingen"]
[Date "2024.05.21"]
[Round "4"]
[White "Prashanthakumar, Arnesh"]
[Black "Noll, Raphael"]
[Result "0-1"]
[WhiteElo "1634"]
[BlackElo "1775"]
[PlyCount "83"]
[EventDate "2024.05.19"]
[EventType "swiss"]
[EventRounds "9"]
[EventCountry "GER"]
[SourceTitle "CBM 220 Extra"]
[Source "ChessBase"]
[SourceDate "2024.07.31"]
[SourceVersion "1"]
[SourceVersionDate "2024.07.31"]
[SourceQuality "1"]

1. e4 e5 2. Bc4 Nf6 3. Nc3 Nc6 4. Nf3 Nxe4 5. Nxe4 d5 6. Bd3 dxe4 7. Bxe4 Bg4 8. d3 Qd7 9. Be3 Bd6 10. Qe2 f5 11. Bxc6 Qxc6 12. h3 Bxf3 13. gxf3 Bb4+ 14. Bd2 Bxd2+ 15. Kxd2 Qd5 16. Rae1 0-0-0 17. Qxe5 Qxf3 18. Qe3 Qxe3+ 19. Rxe3 Rhe8 20. Rf3 Re5 21. Rg1 g6 22. Rg5 Kd7 23. h4 Ke6 24. Re3 Kf6 25. Rxe5 Kxe5 26. Ke3 Kf6 27. Rg1 c5 28. c3 h6 29. d4 cxd4+ 30. cxd4 Rc8 31. Kd3 Rc7 32. Re1 g5 33. hxg5+ hxg5 34. d5 Re7 35. Rh1 Ke5 36. Rh5 g4 37. a3 b5 38. Ke3 Rd7 39. Rh6 f4+ 40. Ke2 Rxd5 41. Ra6 Rd7 42. Ra5 0-1

[Event "GER-ch U12"]
[Site "Willingen"]
[Date "2024.05.19"]
[Round "1"]
[White "Jahn, Gustav"]
[Black "Prashanthakumar, Arnesh"]
[Result "1-0"]
[WhiteElo "1755"]
[BlackElo "1634"]
[PlyCount "59"]
[EventDate "2024.05.19"]
[EventType "swiss"]
[EventRounds "9"]
[EventCountry "GER"]
[SourceTitle "CBM 220 Extra"]
[Source "ChessBase"]
[SourceDate "2024.07.31"]
[SourceVersion "1"]
[SourceVersionDate "2024.07.31"]
[SourceQuality "1"]

1. e4 e5 2. Nf3 Nc6 3. Bc4 Bc5 4. c3 Nf6 5. d3 d6 6. 0-0 Be6 7. Bb3 0-0 8. Bc2 h6 9. d4 Bc4 10. dxc5 Bxf1 11. Qxf1 Qd7 12. Na3 Rae8 13. cxd6 Qxd6 14. Be3 Ng4 15. Qe2 Nxe3 16. fxe3 Ne7 17. Nc4 Qe6 18. Ncxe5 Ng6 19. Bb3 Qb6 20. Nd7 Qc6 21. Nxf8 Kxf8 22. Rf1 Nh8 23. Bd5 Qb6 24. Nd4 c5 25. Qh5 Re7 26. Nf5 Rd7 27. Qg4 Qg6 28. Qf4 Rd8 29. Qc7 Ra8 30. Nd6 1-0